| 000 | 00802nam a2200241 u 4500 | ||
|---|---|---|---|
| 005 | 20240831063810.0 | ||
| 008 | 160531s2011 es r 000 0 spa d | ||
| 020 | _a9788423699766 | ||
| 035 | _aUPN01000210913 | ||
| 049 | _aI | ||
| 050 | 4 |
_aPZ74 _bA7.4 |
|
| 100 | 1 |
_aArànega, Mercè, _d1948- _933418 |
|
| 245 | 1 | 3 |
_aEl dragón Simón y el hada golosa / _ctexto e il. de Mercé Aránega ; tr. Elisenda Vergés-Bo. |
| 260 |
_aBarcelona, Esp. : _bEdebé, _c2011. |
||
| 300 |
_a[32] p. : _bil. col. |
||
| 440 | 3 |
_aLa alimentación. _pa partir de 5 años ; _v4 |
|
| 534 |
_pTitulo original: _tEl drac Simó i la fada llaminera |
||
| 650 | 4 |
_aCuentos infantiles españoles _97725 |
|
| 650 | 2 |
_aDragones _vLiteratura infantil _911808 |
|
| 905 | _aInfantil | ||
| 999 |
_c183014 _d183014 |
||